Normal view
MARC view
- Fricker, Jon D
Entry Personal Name
001 - CONTROL NUMBER
- control field: 44299
003 - CONTROL NUMBER IDENTIFIER
- control field: NUST
005 - DATE AND TIME OF LATEST TRANSACTION
- control field: 20210314132935.0
008 - FIXED-LENGTH DATA ELEMENTS
- fixed length control field: 210314|| aca||aabn | a|a d
040 ## - CATALOGING SOURCE
- Original cataloging agency: NUST
- Transcribing agency: NUST
100 ## - HEADING--PERSONAL NAME
- Personal name: Fricker, Jon D
670 ## - SOURCE DATA FOUND
- Source citation: Work cat.: (NUST): Fricker, Jon D., Fundamentals of transportation engineering :, 2004.
